| 000 | 00688nam a2200157 4500 | ||
|---|---|---|---|
| 008 | 180104b xxu||||| |||| 00| 0 eng d | ||
| 020 | _a0878404503 | ||
| 082 |
_21987 _aDC 242.3419 _bC73 |
||
| 245 |
_aCompanions in the mission of Jesus : _b texts for prayer and reflection in the Lenten and Easter seasons / _cNew York Province of the Society of Jesus. |
||
| 260 |
_aNew York, N.Y. : _b Georgetown University Press for the New York Province of the Society of Jesus, _c©1987. |
||
| 300 |
_axi, 97 pages ; _c 23 cm |
||
| 500 | _aIncludes bibliographies and index. | ||
| 650 | 0 |
_925445 _aLent _xPrayers and devotions |
|
| 650 | 0 |
_925447 _aEastertide _x Prayers and devotions |
|
| 942 |
_2ddc _cDC |
||
| 999 |
_c8226 _d8226 |
||